000 02298nam a22002897a 4500
005 20180815152330.0
008 180815s1875 fr |||fr|||| 000 0 fre d
040 _cSandra Yazo
_dSandra Yazo
041 0 _afre
082 0 4 _220
_a940
092 _aE47N010
100 1 _aBeulé, Charles Ernest
_d1826-1874
_993322
242 0 0 _aExcavaciones y descubrimientos.
_c Resumidos y analizados por M. Beulé en su relación con la Historia del Arte.
_pTomo Primero: Grecia e Italia ;
_pTomo Segundo: África y Asia.
_yspa
245 1 0 _aFouilles et découvertes
_cResumées et discutées en vue de l’histoire de l’Art par M. Beulé.
_pTome Premier. Grèce et Italie ... ;
_pTome Second. Afrique et Asie.
250 _aDeuxième édition [Segunda edición]
260 _aParís (Francia)
_bLibrairie Académique. Didier et Cie ; Impr. Simon Raçon et Comp. [Librería Académica. Didier y Compañía ; Imprenta de Simón Raçon y Compañía]
_c1875
300 _a432 ; 430 páginas
_c18 x 12 cm.
500 _aDetalles físicos: Otros detalles físicos: Encuadernación rígida (holandesa) en cartón forrado en papel jaspeado. Lomo de tela texturizada, con adornos en dorado. Guardas. Anteportada. Portada impresa en una sola tinta con un grabado con iniciales del editor. Texto impreso en una sola columna, con diferentes tipos y tamaños de letra. Notas de pie de página. Índice. Papel muy manchado. Tapas con residuos de cinta pegante, roturas internas en costura
505 1 _aV.1: Diario de mis excavaciones ; El templo de Juno de Argos ; Escuela de Atenas en Delfos ; La isla de Thasos ; El Olimpo y la Acarniana ; Italia (de 1846 a 1866) ; Etruria y los etruscos ; Las pinturas de Orvieto ; Los cristianos de la familia Flavia -- V.2: Notas de Cartago ; Las ruinas de Cyrene ; El vaso de Berenice ; Auguste Mariette y el Serapeion de Saqqara ; La gran Esfinge ; Nínive y arte asirio ; M ; Newton en Asia Menor ; Los monumentos de Éfeso ; Un edicto de Diocleciano ; Antigüedades en el Bósforo
506 _aConsulta en sala
546 _aTexto en francés
650 7 _99371
_aArqueología
_zEuropa
650 7 _998
_aArqueología
_zAsia
650 7 _915385
_aExcavaciones arqueológicas
_ySiglo XIX
690 _aArqueología
_998
942 _2LOCAL
_cLIBRO
_e2
_hE47N010
999 _c310430
_d310430